00286 a2200097 4500082001500000100002200015245005700037260004200094300002800136650002400164 a624.17 KIN akinney,J.Sterling aIndeterminate Structural AnalysiscJ.Sterling Kinney aNew Delhi :cOxford & IBH Pub,b1957. a655p. :bill . ;c20 cm astructural analysis